[Event "Ciocaltea Memorial"]
[Site "Bucharest"]
[Date "1998.??.??"]
[Round "7"]
[White "Aronian, Levon"]
[Black "Kiselev, Sergey"]
[Result "1/2-1/2"]
[WhiteElo "2455"]
[BlackElo "2510"]
[Annotator "Horn,Pe"]
[PlyCount "145"]
[EventDate "1998.02.??"]
[EventType "tourn"]
[EventRounds "13"]
[EventCountry "ROU"]
[EventCategory "11"]
[SourceTitle "CBM 064"]
[Source "ChessBase"]
[SourceDate "1998.06.02"]
[SourceVersion "1"]
[SourceVersionDate "1998.06.02"]
[SourceQuality "1"]

1. g3 Nf6 2. Bg2 d5 3. Nf3 c6 4. O-O Bg4 5. b3 Nbd7 6. Bb2 e6 7. d3 Be7 8. Nbd2
O-O 9. h3 Bh5 10. e4 a5 11. a3 b5 12. Kh1 Qb6 13. Qe1 Bxf3 (13... a4 14. b4 (
14. e5 Ne8 15. b4 Nc7 16. Bd4 Qb7 17. Qe3 Rae8 18. Ng1 f6 19. f4 fxe5 20. fxe5
h6 21. Ndf3 Na6 $132 {Petran-Vasiukov, Stary Smokovec 1988}) 14... c5 15. exd5
Nxd5 16. c4 N5f6 17. bxc5 Nxc5 18. Ne5 Rac8 19. d4 Nd3 $1 20. Qb1 Nxe5 $11 {
Van Wely,L-Lukacs,P/Kecskemet Szechenyi/1991}) (13... Bc5 14. Nh2 dxe4 15. dxe4
e5 16. Nhf3 Rfe8 17. Nh4 Rad8 18. Ndf3 a4 19. b4 Bf8 20. Rd1 c5 21. Rd3 cxb4
22. axb4 Qc7 $17 {Espig,L-Kraut,R/BL/1995}) 14. Nxf3 Rfc8 15. Nd2 dxe4 16. dxe4
e5 17. a4 {Damit unterbindet Weiß das weitere schwarze Vorgehen am Q-flügel 
(a5-a4, und dann auf b3-b4 c6-c5).} (17. f4 $5 {Das war die Alternative.})
17... Bb4 18. Qe2 Re8 {richtet sich gegen f2-f4. Auf c8 leistet der R jetzt eh
nichts mehr.} 19. Rfd1 {Weiß gibt jetzt (zunächst) die Idee f2-f4 auf und
verlegt sein Spiel auf den anderen Flügel.} (19. Ra2) 19... Rab8 20. Ra2 Bc5
21. Kg1 Qc7 22. Rda1 Bb6 23. Kh2 (23. Bc3 Bd4 (23... b4 $6 24. Bb2 $14 {
[%csl Gc4][%cal Yd2c4,Ya1d1,Ya2a1]}) 24. Bxd4 exd4 25. Qd3 $14) (23. axb5 cxb5
24. Qxb5 $4 Bxf2+ $19) 23... Ra8 24. axb5 $5 (24. f3) 24... cxb5 25. Qxb5 (25.
c4 $6 b4 $132 {[%cal Yd7c5]}) 25... Bxf2 26. Qe2 (26. b4 $5 {Der direkte
Versuch, die Fesselungsstellung in der a-Linie auszunutzen.} Ba7 (26... Reb8
27. Qe2 $16) (26... Nh5 27. Nf1 $16) 27. bxa5 (27. Rxa5 Qxc2) 27... Qxc2 28.
Qe2 $14 {[%cal Rb2e5] Der Freibauer Pa5 ist zwar zuverlässig blockiert; er
schränkt aber die schwarzen Möglichkeiten zu aktivem Spiel ein.} (28. Bxe5 $2
Rxe5 $19)) 26... Bd4 27. c3 Bb6 28. b4 (28. Nc4 $14) 28... Rab8 29. Nc4 (29.
bxa5 Bxa5 30. Nc4 Bb6 31. Nxb6 Nxb6 $132) 29... axb4 30. cxb4 h5 (30... Bd4 $5
31. Rc1 (31. Bxd4 Rxb4 $1 $11 (31... exd4 $2 32. Ra7 $16)) 31... Bxb2 32. Rxb2
Nb6 33. Rcc2 $14) 31. Rc1 (31. Ra6 $5 Bd4 $140 32. Nd6 Re6 33. Rc1 $14) (31.
Nxb6 {Offensichtlich sind sich beide Spieler einig, daß das B-Paar (gegen das
N-Paar) hier nicht zu fürchten ist.} Qxb6 32. Bc3 Rec8 33. Ra3 $13 {Die B
wirken in der Tat momentan wenig bedrohlich.}) 31... Bd4 32. Ba3 {[%cal Yb4b5]}
Re6 33. Rac2 (33. Na5 {bei dieser Zugreihenfolge entfällt die Möglichkeit Qa7}
Qb6 34. Rac2) 33... Qa7 34. Na5 Bb6 35. Nc4 Rc6 (35... Bd4 36. Qd3 $5 (36. Na5
Bb6 $11)) 36. Qd3 Bd4 37. b5 $1 Rcc8 (37... Rxb5 38. Nd6 Rbc5 $1 39. Nf5 $1 (
39. Bxc5 $2 Nxc5 $17) 39... Rxc2 40. Ne7+ Kh7 41. Nxc6 $16) 38. Bd6 (38. Nd6
Rxc2 39. Rxc2 Nc5 $11) (38. b6 $142 Bxb6 (38... Qa6 $4 39. Nxe5 $18) (38...
Nxb6 39. Bd6 Ra8 40. Nxe5) 39. Bd6 Ra8 40. Nxe5) 38... Ra8 (38... Rxb5 39. Na3
Rxc2 40. Nxb5 Rxc1 41. Nxa7 Bg1+ 42. Kh1 Bxa7+ 43. Kh2 $11) 39. b6 (39. Rb1)
39... Qa6 {Diese Möglichkeit hätte Schwarz nicht gehabt, wenn Weiß sofort (38.)
b6 gespielt hätte.} (39... Bxb6 40. Nxe5 Rxc2 41. Qxc2 Nxe5 42. Bxe5 $14) (
39... Nxb6 40. Nxe5 Rxc2 41. Rxc2 $14) 40. Nxe5 Rxc2 41. Qxa6 $2 (41. Rxc2 Bxe5
42. Qxa6 Rxa6 43. Bxe5 Nxe5 44. b7 $11 {->Partie}) 41... Rxa6 $2 (41... Rxg2+
42. Kxg2 Rxa6 $19) 42. Rxc2 Bxe5 43. Bxe5 Nxe5 44. b7 Nfd7 45. b8=N Nxb8 46.
Rc8+ Kh7 47. Rxb8 Ra2 48. Rb3 $11 f6 49. Rc3 Kg6 50. Kg1 Kg5 51. Rc7 g6 52. Rc3
h4 53. gxh4+ Kxh4 54. Re3 Kg5 55. Rb3 Rc2 56. Kh2 Kf4 57. Ra3 Rd2 58. Rb3 Nd3
59. Kg1 Kg5 60. Bf1 Ne5 61. Bg2 Kf4 62. Kh2 Re2 63. Rc3 Rb2 64. Kg1 g5 65. Kh2
Rd2 66. Rb3 Ng6 67. Kg1 Ke5 68. Rb5+ Kd4 69. Rd5+ Ke3 70. Rxd2 Kxd2 71. Kf2 Kd3
72. Kg3 Nh4 73. Bh1 1/2-1/2

[Event "RUS Cup final 6th"]
[Site "Nefteyugansk"]
[Date "2002.10.12"]
[Round "8"]
[White "Burmakin, Vladimir"]
[Black "Pridorozhni, Aleksei"]
[Result "1-0"]
[WhiteElo "2581"]
[BlackElo "2475"]
[Annotator "Horn,Pe"]
[PlyCount "84"]
[EventDate "2002.10.06"]
[EventType "tourn"]
[EventRounds "11"]
[EventCountry "RUS"]
[EventCategory "11"]
[SourceTitle "CBM 092"]
[Source "ChessBase"]
[SourceDate "2003.02.06"]
[SourceVersion "1"]
[SourceVersionDate "2003.02.06"]
[SourceQuality "1"]

1. Nf3 d5 2. g3 c6 3. Bg2 Bf5 4. d3 Nf6 5. Nbd2 h6 6. O-O e6 7. Qe1 Nbd7 8. e4
dxe4 (8... Bh7) 9. Nxe4 ({meist wird hier} 9. dxe4 Bh7 {gespielt.}) 9... Be7 (
9... Nd5 10. a3 {Hier gab es eine breite Auswahl.} Be7 11. b4 $11 {Lastovicka,
J-Hladik,J/CZE 1999}) 10. Bf4 Nc5 (10... Bxe4 {liegt kaum im Interesse von
Schwarz.} 11. dxe4 Qb6 12. Qe2 Nc5 13. c3 Rd8 14. Ne5 O-O 15. h4 Ncd7 16. Rfd1
Nxe5 17. Bxe5 Nd7 18. Bd4 c5 19. Be3 $14 {Junge,K-Nagl,F/Eger 1987}) 11. Nxf6+
Bxf6 12. Be5 Nd7 13. Bxf6 Nxf6 14. Qb4 Qe7 15. Qb3 O-O 16. a4 {[%csl Rb7,Rc6,
Gg2] Die Stellung sieht zunächst harmlos aus. Langfristig beabsichtigt Weiss
aber einen Angriff auf den schwarzen Damenflügel; er hofft dabei auf den Bg2.}
Qc7 (16... a5 {verhindert zwar den weiteren Vormarsch des Pa4, erzeugt aber
Felderschwächen am Damenflügel: man stelle sich den Nf3 auf c4 vor.}) 17. a5
Rad8 18. Rfe1 Rfe8 19. Ne5 $14 Nd5 20. d4 Rb8 21. Qc4 Rec8 22. c3 Qd6 23. Qc5
Qxc5 24. dxc5 {Dieses Endspiel ist nicht leicht für Schwarz. Die Bauern am
Damenflügel bilden das Ziel des weißen Spiels.} Rd8 $2 25. a6 $1 f6 26. Nc4
bxa6 27. Rxa6 Bd3 28. Bf1 Bxf1 (28... Bxc4 29. Bxc4 Rxb2 30. Rxe6 $16) 29. Kxf1
e5 30. Rea1 Rb5 31. R6a5 $2 {Ab hier fällt mir nur Zeitnot als mögliche
Erklärung der Züge ein.} ({was sprach gegen} 31. Rxc6 $5) 31... Rdb8 (31...
Rxa5 32. Rxa5 Rd7 33. Ra6 Ne7 34. Nd6 $16) 32. Rxb5 Rxb5 33. Ra5 Rb3 $2 (33...
Rxa5 34. Nxa5 Ne7 $14) 34. Rxa7 Rb5 35. Ra5 Rb3 36. Ra7 Kh7 (36... Rb5) 37. Ke1
Nxc3 38. bxc3 Rxc3 39. Nd6 Rxc5 40. Ne8 Rc1+ 41. Ke2 Rc2+ 42. Ke3 Kg6 1-0

[Event "Jakarta zt"]
[Site "Jakarta"]
[Date "1993.??.??"]
[Round "7"]
[White "Rodriguez, Ruben"]
[Black "Handoko, Edhi"]
[Result "1-0"]
[WhiteElo "2415"]
[BlackElo "2475"]
[Annotator "Horn,Pe"]
[PlyCount "87"]
[EventDate "1993.01.??"]
[EventType "swiss"]
[EventRounds "11"]
[EventCountry "INA"]
[SourceTitle "CBM 035"]
[Source "ChessBase"]
[SourceDate "1993.08.01"]
[SourceVersion "1"]
[SourceVersionDate "1993.08.01"]
[SourceQuality "1"]

1. Nc3 e5 2. Nf3 Nc6 3. g3 (3. d4 $5 {Van Geet}) 3... d5 4. d3 {Pirc Reversed}
Nf6 5. Bg2 Be7 (5... Bb4 6. O-O O-O 7. Bg5 Be6 8. e4 Bxc3 9. exd5 Bxb2 10. dxc6
bxc6 11. Rb1 Bc3 $17 {Mestrovic-Larsen/Lone Pine/1978}) 6. O-O O-O 7. Bg5 (7.
Re1 d4 8. Ne4 Nxe4 9. dxe4 Bg4 $10 {Hort-Polugaevsky/Palma de Mallorca izt/1970
}) 7... Be6 8. e4 d4 (8... dxe4 $10) 9. Ne2 h6 (9... Ne8 $5) 10. Bd2 Qd7 11. b4
a6 (11... b5 $5 12. a4 (12. Qb1 $5 {/\ c3}) 12... a6 13. Qb1 Bg4 $13) (11...
Bxb4 12. Bxb4 Nxb4 13. Nxe5 $14) 12. Qb1 Bg4 13. c4 $5 dxc3 14. Bxc3 Nh7 (14...
Rfd8 15. Rd1) 15. Re1 {/\ Nxe5} (15. Bxe5 $4 Bxf3 $19) 15... Bxf3 (15... Bf6 $5
) (15... Rfd8 16. Nxe5 Nxe5 17. Bxe5 Qxd3 18. Qxd3 Rxd3 19. Nf4 $14) 16. Bxf3
Rfd8 17. Rd1 Ng5 18. Bg2 Qg4 19. Qb2 Rd6 $2 (19... Nf3+ 20. Kh1 (20. Bxf3 Qxf3
21. Bxe5 $2 Nxe5 22. Qxe5 Bf6 $19) 20... Nfd4 (20... Qh5 21. h3 Ng5 22. Ng1 $14
) 21. Nxd4 Nxd4 22. f4 Bf6 $10) 20. f4 $1 Nf3+ $2 (20... exf4 21. Nxf4 $14 (21.
Bxg7 $2 f3 $19)) 21. Kf2 $1 $18 Nxh2 (21... Nfd4 22. fxe5 Nxe2 23. Qxe2 $18 (
23. exd6 Nxc3 24. Qxc3 Bxd6 25. Rab1 $18)) 22. Rh1 exf4 23. Nxf4 (23. Rxh2 $2
fxg3+ 24. Nxg3 Bh4 25. Rh3 Rg6 $19) 23... Bh4 24. Ne2 (24. Rxh2 $2 Qxf4+ $19)
24... Rf6+ 25. Bxf6 Bxf6 26. d4 Nxd4 27. Nxd4 Qd7 28. Rad1 Ng4+ 29. Ke2 Rd8 30.
Bf3 h5 31. Rxh5 Ne5 32. Qb3 g6 33. Rhh1 Qe8 34. Kf2 Rxd4 35. Rxd4 Nxf3 36. Kxf3
Bxd4 37. Qd5 Be5 38. Qxb7 Kg7 39. Qxa6 Qe7 40. Qc8 Kf6 41. Qh8+ Ke6 42. Qh3+ f5
43. exf5+ gxf5 44. Qh6+ 1-0

[Event "Herzliya"]
[Site "Herzliya"]
[Date "1998.09.10"]
[Round "5"]
[White "Kantsler, Boris"]
[Black "Lev, Ronen"]
[Result "0-1"]
[WhiteElo "2535"]
[BlackElo "2460"]
[Annotator "Horn,Pe"]
[PlyCount "126"]
[EventDate "1998.09.??"]
[EventType "tourn"]
[EventRounds "11"]
[EventCountry "ISR"]
[EventCategory "10"]
[SourceTitle "EXT 1999"]
[Source "ChessBase"]
[SourceDate "1998.11.16"]
[SourceVersion "1"]
[SourceVersionDate "1998.11.16"]
[SourceQuality "1"]

1. Nf3 d5 2. g3 c6 3. Bg2 Bg4 4. b3 Nd7 5. Bb2 e6 6. O-O Ngf6 7. d3 Bd6 8. Qe1
{Eine Spezialität von Hickl.} (8. Nbd2) 8... O-O 9. e4 {[%cal Re4e5]} Ne8 $146
(9... dxe4 10. dxe4 Bxf3 11. Bxf3 Be5 (11... e5 12. Nd2 {führt zu den üblichen
Stellungen, z.B.:} b5 (12... Re8 $5 13. Nc4 Bc5 {0-1 Thiede,L-Sperlich,O/BL2-N
1995/GER-chT2 (25)}) 13. Bg2 Qe7 14. a4 (14. Rd1 a5 15. Nf3 Bb4 16. Qe3 a4 17.
Nh4 Rfd8 18. Nf5 Qf8 19. Qg5 axb3 20. axb3 Ne8 21. f4 $13 {1-0 Kristiansen,
J-Prandstetter,E/Voronez 1987/EXT 97 (37)}) 14... a6 15. Qe2 Nc5 16. Rfd1 Nfd7
17. Bh3 Rfd8 18. Bc3 Ne6 19. Nf3 $14 {1/2-1/2 Podgaets,M-Taimanov,M/Riga 1975/
MCD (39)}) 12. c3 Qc7 13. Bg2 (13. Nd2 Nc5 14. Qe2 Rfd8 15. Nc4 Nd3 16. Rfd1
Nxb2 17. Qxb2 b5 18. Nxe5 Qxe5 19. Qc2 $10) (13. Qe3) 13... Rfd8 14. Qe3 (14.
f4 $5) 14... Qb6 $1 15. Qxb6 axb6 $11 {1/2-1/2 Hickl,J-Boensch,U/Lippstadt
1992/CBM 31 (30)}) (9... e5 10. h3 Bh5 (10... Bxf3 11. Bxf3 dxe4 12. dxe4 Qe7
13. a3 a5 14. Nd2 b5 15. Qe2 Nc5 16. Bg2 Ne6 17. Nf3 Nd7 18. Rfd1 Rfd8 19. Rd2
f6 20. h4 $14 {1-0 Hickl,J-Sideif Sade,F/Berlin 1992/EXT 98 (46)}) 11. Nh4 Re8
12. Nc3 dxe4 13. dxe4 (13. Nxe4 Nxe4 14. dxe4 Qc7 15. Bf3 Bxf3 16. Nxf3 Rad8
17. Kg2 Nf8 18. Qe2 f6 $11 {0-1 Karlsson,L-Luther,T/Hamburg 1993/EXT 97 (52)})
13... Nc5 14. Nf5 Bf8 $11 {1/2-1/2 Hickl,J-Landenbergue,C/Biel 1992/CBM 31 ext
(35)}) 10. e5 {Die Aufhebung der Spannung im Zentrum kommt den schwarzen
Absichten entgegen: der Bg4 gewinnt an Kraft und der Bb2 wird zur
Deckungsfigur degradiert. Oft nimmt Schwarz größere Opfer an Zeit auf sich (z.
B. Be7-f6-e7), um Weiß zu diesem Vorstoß zu überreden.} (10. Nbd2 {gefällt mir
besser.}) 10... Be7 {[%cal Ye8c7,Yb7b5,Ya7a5,Yc6c5] Schwarz hat jetzt einen
einfachen Plan: Expansion am Q-flügel.} 11. Nbd2 {Die weißen Möglichkeiten
liegen am K-flügel. Um den Pf2 (oder Pg3) in Gang zu setzen, muß aber erst
umrangiert werden. Es spricht viel dafür, daß Schwarz schneller eine
Linienöffnung erreicht. Deswegen sucht Weiß häufig die schwarze Expansion am
Q-flügel aktiv zu begrenzen.} Nc7 {Der Nc7 hat hier mehrere Funktionen:
einerseits unterstützt er die Pläne am Q-flügel, andererseits ermöglicht er
bei weißen Pf4/g4 ein Entgegenstemmen mit Pf7-f5.} 12. Qe3 (12. Kh1 $5 {
[%cal Yf3g1]}) 12... a5 13. a3 (13. a4 b5 14. Nd4 Ra6) 13... c5 {[%cal Ya5a4,
Yb7b5]} (13... a4 14. b4) 14. a4 Bf5 {Die Überleitung in die New Yorker
Verteidigung (mit Bf5) macht Sinn: bei allen Öffnungen am Q-flügel ist der B
auf der Diagonale b1-h7 ideal plaziert. Auch nach Tempi hat Schwarz kein
schlechtes Geschäft gemacht: Hier hat er 2 verloren (Bf8-d6-e7 und Bc8-g4-f5),
die er auch sonst gern für die Provokation von Pe4-e5 drangibt; als Bonus hat
er hier die unglückliche Position der Qe3.} (14... b5) 15. h3 h6 16. Rfc1 {
Weiß begräbt seine Absichten am K-flügel fürs erste und sichert sich am
anderen Flügel.} (16. Qe2) (16. Ne1 {[%cal Yf2f4]}) 16... Bh7 17. Qe2 Na6 {
[%cal Ya6b4]} 18. Nb1 Nb4 {[%csl Gb4,Gh7]} 19. Na3 Nb8 20. Nb5 N8c6 21. Nd2 {
Weiß hat alle Vorstöße am Q-flügel (b7-b5 und c5-c4) zuverlässig unterbunden.
Dummerweise sind seine Kräfte damit gut ausgelastet, so daß es ihm schwerfällt,
etwas aktives zu unternehmen.} Qd7 {[%cal Yf7f6] Damit wird ein gelegentliches
Pf7-f6 möglich.} 22. Nf1 (22. f4 f6 23. Nf3 $11) 22... Na7 23. Nxa7 Rxa7 24.
Ne3 (24. Nd2 $11) 24... Nc6 {[%cal Yc6d4]} 25. Qg4 Qc7 26. Re1 (26. Bxd5 $2
exd5 27. Nxd5 Qd8 28. Nf6+ Kh8 $17) 26... Nd4 $1 $36 27. Bxd4 $2 {Die damit
eingeleitete Abwicklung führt zu klarem schwarzen Vorteil.} ({Es scheint mir,
daß nach} 27. f4 $11 {noch nicht allzuviel passiert ist.}) 27... cxd4 28. Qxd4
Bc5 29. Qf4 $2 {Damit rettet er den Pe5 doch nicht: er verliert nur noch
zusätzlich Zeit.} (29. Qg4 Bb4 30. Re2) 29... Bb4 30. Re2 (30. d4 Bxe1 31. Rxe1
$17) 30... Bc3 31. Rd1 Bxe5 32. Qh4 Bf6 33. Qg4 Ra6 {[%csl Rc2][%cal Ya6c6]}
34. Qf4 Qxf4 35. gxf4 Bd4 $17 {[%cal Rf8c8]} 36. c4 Rb6 37. Nc2 Bf6 38. cxd5
Rd8 (38... Rxb3 39. dxe6 fxe6 40. Rxe6 Rxd3 41. Rxd3 Bxd3 42. Bd5 $17) 39. dxe6
fxe6 40. Na3 (40. Be4 Bxe4 41. Rxe4 Rxb3 42. Rxe6 Rbxd3 43. Rxd3 Rxd3 44. Re8+
Kh7 45. Kg2 Rd2 46. Rc8 Bh4 47. Kf3 Rxf2+ $19) 40... Rxb3 41. Nb5 (41. Nc4
Rdxd3) 41... Bf5 42. d4 Rb4 43. Ra2 b6 44. Kh1 Kf8 45. Kg1 Be7 46. Bf1 Rc8 47.
Bg2 Rc2 48. Rda1 Bf6 49. Bf1 Bxd4 50. Nxd4 Rxd4 51. Rxc2 Bxc2 52. Bb5 Rxf4 53.
Ra2 Bb3 54. Ra3 Rb4 55. Ra1 Ke7 56. Kh2 Kd6 57. Rb1 Bc2 58. Ra1 Kd5 59. Ra2 Bb3
60. Ra1 Kd4 61. Rg1 g5 62. Ra1 Kc3 63. Rc1+ Bc2 0-1

[Event "Bishkek zt"]
[Site "Bishkek"]
[Date "1993.??.??"]
[Round "?"]
[White "Safin, Shukhrat"]
[Black "Vakhidov, Tahir"]
[Result "0-1"]
[WhiteElo "2455"]
[BlackElo "2455"]
[Annotator "Horn,Pe"]
[PlyCount "64"]
[EventDate "1993.??.??"]
[EventType "tourn"]
[EventRounds "13"]
[EventCountry "KGZ"]
[EventCategory "7"]
[SourceTitle "CBM 035"]
[Source "ChessBase"]
[SourceDate "1993.08.01"]
[SourceVersion "1"]
[SourceVersionDate "1993.08.01"]
[SourceQuality "1"]

1. Nf3 Nf6 2. g3 g6 3. Bg2 Bg7 4. O-O O-O 5. d3 Nc6 6. e4 e5 7. Nbd2 h6 8. c3 (
8. Nc4 d6 9. c3) 8... d5 9. b4 dxe4 10. dxe4 (10. Nxe4 Nxe4 11. dxe4 Qxd1 12.
Rxd1 Be6) 10... Qd3 11. Bb2 Bg4 (11... Nxe4 $2 12. Nxe4 Qxe4 13. Nd4 Qg4 14.
Nxc6 bxc6 15. Bxc6 $16) 12. Re1 (12. h3 Bxf3 13. Bxf3 Rad8 14. Nb3) 12... Rfd8
13. Bf1 Bxf3 14. Nxf3 Qxd1 15. Raxd1 Rxd1 16. Rxd1 Nxe4 17. b5 Na5 18. c4 Re8
19. Rd7 Nc5 20. Rxc7 Ne6 21. Rd7 Nc5 22. Rd1 $2 (22. Rc7 $10) 22... e4 $1 23.
Ba3 (23. Bxg7 Kxg7 24. Nd4 Rc8 $36) 23... Bf8 24. Nd4 (24. Ne1 $15) 24... Rd8
25. Bb4 Nd3 26. Ne6 (26. Bxd3 Bxb4 (26... Rxd4 27. Bxa5) 27. Be2 Bc3 28. Nb3
Rxd1+ 29. Bxd1 Nxc4 $17) (26. Bxa5 Rxd4 27. Bxd3 exd3 $17) 26... fxe6 27. Bxa5
b6 28. Bc3 Bc5 29. Bg2 $4 (29. Bxd3 exd3 (29... Rxd3 $2 30. Rxd3 exd3 31. Kf1)
30. Kg2 $10) 29... Rf8 $19 30. Bh3 (30. Bxe4 Nxf2 $19) 30... Rxf2 31. Bxe6+ Kf8
32. Kh1 Rc2 0-1

[Event "Belgrade"]
[Site "Belgrade"]
[Date "1993.??.??"]
[Round "4"]
[White "Damljanovic, Branko"]
[Black "Hodgson, Julian M"]
[Result "1/2-1/2"]
[WhiteElo "2570"]
[BlackElo "2625"]
[Annotator "Horn,Pe"]
[PlyCount "62"]
[EventDate "1993.??.??"]
[EventType "tourn"]
[EventRounds "9"]
[EventCountry "YUG"]
[EventCategory "16"]
[SourceTitle "CBM 039"]
[Source "ChessBase"]
[SourceDate "1994.04.01"]
[SourceVersion "1"]
[SourceVersionDate "1994.04.01"]
[SourceQuality "1"]

1. Nf3 d5 2. g3 Bg4 3. Bg2 Nd7 4. O-O c6 5. d3 e6 6. b3 Bd6 7. Bb2 Ngf6 8. Nbd2
O-O 9. Qe1 e5 10. e4 Re8 11. a3 $5 (11. h3 Bh5 12. Nh4 Nc5 (12... Nf8 13. exd5
(13. f4 dxe4 14. dxe4 exf4 15. gxf4 Ng6 $13) 13... Nxd5 (13... cxd5 14. c4) 14.
Ndf3 Qd7 15. c4 Nb4 16. Qe4 $14 {Spraggett-Chernin/Paris/1989}) (12... Qc7 13.
Nf5 (13. Kh1 Bg6 14. Nxg6 hxg6 15. Qe2 a5 16. a3 Nc5 $10 {Espig-Brenninkmeijer/
Novi Sad ol/1990}) 13... Bf8 14. a4 a5 15. Ne3 dxe4 16. dxe4 Bb4 17. Nf5 Rad8
18. Qe3 Nc5 19. Bc3 Ne6 20. Nc4 Bxc3 21. Qxc3 Be2 22. Rfe1 Bxc4 23. Qxc4 g6 $10
{Van Wely-De Boer/NLD-ch/1991}) (12... Bf8 13. Bf3 Bxf3 14. Nhxf3 Qc7 15. Qe2
Rad8 (15... a5 16. a4 Rad8 17. Nh2 Bc5 18. Ng4 Nxg4 19. hxg4 $10 {Sinkbaek-K.
Berg/Farum/1993}) 16. Rfe1 a5 17. a3 {remis/King-Luther/Bad Lauterberg/1991}) (
12... Bg6 13. Nxg6 hxg6 14. Qe2 Qc7 15. exd5 cxd5 16. c4 dxc4 17. Nxc4 Bc5 18.
Rac1 Rac8 19. Rfe1 Qb8 20. a3 Bd4 21. b4 $14 {Jadoul-Van Houtte/Brüssel/1987})
13. Nf5 (13. a4 Ne6 14. Nf5 Bc7 15. Nf3 Bxf3 16. Bxf3 Nd4 17. Nxd4 exd4 18.
Bxd4 dxe4 19. Bxf6 Qxf6 20. Bxe4 Qd4 {remis/Kortschnoj-Sax/Tilburg/1989}) 13...
Bc7 14. f4 exf4 15. gxf4 dxe4 16. Nxe4 (16. dxe4 $2 Ba5 17. Qg3 Bg6) 16...
Nfxe4 17. dxe4 (17. Nxg7 $5 Nf6 18. Bxf6 $1 Rxe1 19. Bxd8 Rxa1 20. Rxa1 Rxd8
21. Nxh5 $13) 17... Ne6 18. Qg3 Bg6 19. Rad1 $36 {Jansa-Keene/Aarhus/1983})
11... a5 12. h3 Bh5 13. Nh4 Bc5 (13... Nf8 14. exd5 Nxd5 (14... cxd5 15. c4)
15. c4) (13... Nc5 14. Nf5 Bc7 15. f4 (15. Kh1) 15... exf4 16. gxf4 dxe4 17.
Nxe4 $36) (13... Rc8 $6 14. f4 exf4 15. gxf4 dxe4 16. dxe4 Nf8 17. e5 Bc5+ 18.
Kh1 Rc7 19. Nf5 g6 20. Nh6+ Kh8 21. Qh4 Nd5 22. e6+ $18 {Podgaez-Beliavsky/
Kiev/1973}) 14. Kh1 (14. Ndf3 Qc7 15. Nf5 Bxf3 16. Bxf3 Nf8 17. Bg2 dxe4 18.
dxe4 Ne6 19. c3 Bf8 20. b4 b5 21. Qe2 Nd7 22. Ne3 Nb6 $10 {Danailov-Kramnik/
Oviedo/1992}) 14... Nf8 15. f4 exf4 (15... dxe4) 16. gxf4 dxe4 17. Nxe4 $146 (
17. dxe4 Bd4 18. Bxd4 Qxd4 19. e5 Bg6 20. Qf2 Qxf2 21. Rxf2 Nd5 22. Nc4 Re7 23.
Kh2 Nd7 24. Nd6 $14 {Bjarnason-Mednis/Reykjavik/1982}) 17... Nxe4 18. dxe4 f6
19. Qg3 {/\ Nf5} Bg6 20. f5 (20. Rad1 Qc7 21. b4 axb4 22. axb4 Bb6 23. Nxg6
hxg6 24. c4 $14) 20... Bh5 21. e5 Qc7 (21... fxe5 $2 22. Bxe5 Qd7 23. f6 $18)
22. b4 axb4 23. axb4 Rxa1 24. Bxa1 Ba7 $1 (24... Bxb4 $4 25. Qb3+ $18) (24...
Be7 25. Qb3+ Kh8 26. Re1) 25. Qb3+ Bf7 (25... Kh8 $4 26. exf6 $18) 26. e6 Nxe6
(26... Bh5 27. e7+ Bf7 28. exf8=Q+ $18) 27. fxe6 Bxe6 28. c4 (28. Qe3 Bf7 29.
Qf4 Qxf4 30. Rxf4 g5 31. Re4 Rxe4 32. Bxe4 gxh4 33. Bxf6 $10) (28. Qd3 $5 Bb8
29. Nf3 Bd5 30. Qd2 $13) 28... Bb8 29. Nf3 Bf7 (29... Qg3 30. Re1 $16 Bxh3 $4
31. Rxe8+ Kf7 32. Re2) (29... b5 30. Re1) 30. Qc3 $2 (30. Bd4 b5 (30... Re4 31.
Qc3) 31. Qc3 Bxc4 32. Re1 $13) 30... Qf4 (30... Bh5 31. Qc2 (31. Kg1 $2 Re2 32.
Rf2 Bxf3 33. Rxe2 (33. Qxf3 Re1+ 34. Rf1 (34. Bf1 Rxa1) 34... Qh2+ 35. Kf2 Bg3+
36. Qxg3 Rxf1+ 37. Kxf1 Qxg3 $19) 33... Qh2+ 34. Kf1 Bxe2+ 35. Kxe2 Qxg2+ $19)
31... Re3) 31. Qd4 (31. c5 $2 Re3 32. Qd4 Rxf3 $19) 31... Bxc4 1/2-1/2

[Event "Moscow5"]
[Site "Moscow"]
[Date "1995.??.??"]
[Round "2"]
[White "Ivanov, Mikhail M"]
[Black "Kharitonov, Andrei Y"]
[Result "1-0"]
[WhiteElo "2445"]
[BlackElo "2550"]
[Annotator "Horn,Pe"]
[PlyCount "51"]
[EventDate "1995.??.??"]
[EventType "tourn"]
[EventRounds "11"]
[EventCountry "RUS"]
[EventCategory "10"]
[SourceTitle "CBM 049"]
[Source "ChessBase"]
[SourceDate "1995.12.01"]
[SourceVersion "1"]
[SourceVersionDate "1995.12.01"]
[SourceQuality "1"]

1. Nf3 d5 2. g3 Bg4 3. Bg2 Nd7 4. O-O Ngf6 5. d3 c6 6. Nbd2 e5 7. e4 Bd6 8. h3
Bh5 (8... Bxf3 $14 {is solid.}) 9. exd5 cxd5 10. c4 O-O 11. cxd5 Nxd5 12. Qb3 {
Vaganian won two interesting games with this move in 1994 and I was convinced
that no black player would find it attractive to play this position again.}
N5b6 $146 (12... N5f6 13. Nc4 $1 (13. Ne4 Nxe4 14. dxe4 Nc5 15. Qd5 Bxf3 16.
Bxf3 Qf6 17. Bg2 Rfd8 18. Be3 Bf8 19. Qc4 Nd3 $10 {Norwood-Adams/BCF-ch/1989})
(13. Qxb7 $6 Nc5 14. Qb5 Rb8 15. Qc4 Bg6 16. Ne1 Rc8 $44) 13... Nc5 (13... Bc7
14. Be3 {/\ Qxb7} (14. Qxb7 $2 Nc5 {><d3}) 14... b6 15. Rfe1 Rc8 $6 (15... a6
16. d4) (15... Re8 $5) (15... Rb8 16. d4) 16. d4 Bxf3 (16... exd4 17. Nxd4 $16)
(16... e4 17. Nfe5 {><c6,e4}) 17. Bxf3 e4 (17... exd4 18. Bxd4 $16) 18. Bg2 Re8
(18... a6 $1) 19. Rac1 $16 {Vaganian,R-Torre,E/Moscow olm/1994} (19. Qb5 $5))
14. Qa3 Bxf3 15. Bxf3 Be7 16. Nxe5 Ncd7 17. Qc3 Rc8 18. Qe1 Bc5 19. Nxd7 Qxd7
20. Kg2 $14 {Vaganian,R-Kaidanov,G/Glendale/1994}) 13. Ne4 Be7 (13... Bc7 14.
a4 $36 (14. Bg5 $16)) (13... Nc5 14. Nxc5 Bxc5 15. Nxe5) 14. a4 Rb8 (14... Qb8
$5 15. Be3 (15. a5 Nc8 16. d4) 15... Nf6 16. Bxb6 axb6 17. Qxb6 Rd8) 15. a5 Nc8
16. d4 $1 {Now the white advantage is completely clear. Maybe Kharitonov has
missed Vaganian's games ?} Bxf3 17. Bxf3 Nd6 (17... exd4 $4 18. Bf4 Ra8 19.
Qxb7 $18) 18. Rd1 Qc7 (18... Nxe4 19. Bxe4 Qc7 20. Be3 exd4 21. Bxd4 Nf6 22.
Bg2) 19. Nc3 (19. Be3 Nf5 20. d5 Nxe3 21. Qxe3 Bb4 22. d6 Qd8 23. Bg4 Nf6 24.
Nxf6+ Qxf6 25. d7 $16) 19... Rfe8 (19... exd4 20. Nd5 Qd8 21. Bf4 $16) 20. Nd5
Qd8 21. dxe5 (21. Be3 $16) 21... Nxe5 22. Bg2 (22. Nxe7+ Qxe7 23. Bf4 $16)
22... Bf8 (22... Nec4 23. Bf1 $16) 23. Be3 a6 $2 (23... Nc6 24. Qa4 a6 25. Bb6
$16) 24. Bb6 Qd7 25. Bc7 Rbc8 26. Bxd6 1-0